[Event "Titled Tuesday intern op 3rd Jan"]
[Site "Chess.com INT"]
[Date "2019.12.03"]
[Round "10"]
[White "Okike, David"]
[Black "Brendan, Joe"]
[Result "1/2-1/2"]
[WhiteElo "2170"]
[BlackElo "2110"]
[PlyCount "154"]
[EventDate "2019.12.03"]
[EventType "swiss (blitz)"]
[EventRounds "10"]
[EventCountry "USA"]
[SourceTitle "EXT 2021"]
[Source "ChessBase"]
[SourceDate "2020.10.23"]
[SourceVersion "1"]
[SourceVersionDate "2020.10.23"]
[SourceQuality "1"]

1. e4 e5 2. Nf3 Nc6 3. Bb5 g6 4. 0-0 Bg7 5. c3 Nge7 6. d4 exd4 7. Nxd4 0-0 8. Bg5 h6 9. Bh4 g5 10. Bg3 d6 11. Nxc6 bxc6 12. Ba4 Bd7 13. Nd2 Ng6 14. f3 Rb8 15. Rb1 Be5 16. Bf2 a6 17. Nc4 Bg7 18. Qd2 Nf4 19. Be3 Ng6 20. Na5 Qe8 21. Rfe1 Be5 22. Nc4 Bf4 23. Qe2 Bxe3+ 24. Nxe3 Nf4 25. Qxa6 Ra8 26. Qc4 Be6 27. Qxc6 Rxa4 28. Qxe8 Rxe8 29. a3 Rb8 30. g3 Nd3 31. Re2 Rxa3 32. Rd2 Nc5 33. Rbd1 Rab3 34. e5 Rxb2 35. exd6 Rxd2 36. Rxd2 Rd8 37. c4 Rxd6 38. Rc2 Rd3 39. Kf2 Kf8 40. Ke2 Ke7 41. Ra2 Rc3 42. Kd2 Rd3+ 43. Ke2 Rb3 44. Ra5 Kd6 45. f4 Rb2+ 46. Kf3 Rxh2 47. f5 Bd7 48. Ra1 Rb2 49. Rd1+ Kc6 50. Kg4 Rb3 51. Re1 Nd3 52. Re2 Ne5+ 53. Kh5 Kc5 54. Kxh6 g4 55. Kg7 Bc6 56. Kf6 Kd4 57. Nc2+ Kd3 58. Rxe5 Kxc2 59. Rc5 Bf3 60. Rxc7 Be4 61. Kg5 Rxg3 62. Rxf7 Rc3 63. Rc7 Bd3 64. c5 g3 65. Kf4 g2 66. Rg7 Bf1 67. f6 Rxc5 68. Ke4 Rc8 69. Ke5 Rf8 70. Ke6 Kd2 71. Ke7 Ra8 72. f7 Ra7+ 73. Ke8 Ra8+ 74. Ke7 Ra7+ 75. Ke8 Rxf7 76. Kxf7 Ke2 77. Rxg2+ Bxg2 1/2-1/2

[Event "Titled Tuesday intern op 1st Oct"]
[Site "Chess.com INT"]
[Date "2019.10.01"]
[Round "4"]
[White "Migot, Tangi"]
[Black "Brendan, Joe"]
[Result "1-0"]
[WhiteElo "2386"]
[BlackElo "2119"]
[PlyCount "57"]
[EventDate "2019.10.01"]
[EventType "swiss (blitz)"]
[EventRounds "10"]
[EventCountry "USA"]
[SourceTitle "EXT 2021"]
[Source "ChessBase"]
[SourceDate "2020.10.23"]
[SourceVersion "1"]
[SourceVersionDate "2020.10.23"]
[SourceQuality "1"]

1. Nf3 Nf6 2. g3 e6 3. Bg2 d5 4. 0-0 Be7 5. b3 c5 6. c4 d4 7. e3 0-0 8. exd4 cxd4 9. d3 Nc6 10. Re1 Ne8 11. Ne5 Nxe5 12. Rxe5 f6 13. Re1 e5 14. Ba3 Nc7 15. Bxe7 Qxe7 16. Nd2 Bf5 17. Ne4 Rab8 18. a3 a5 19. Qd2 b6 20. b4 axb4 21. axb4 b5 22. c5 Nd5 23. Qa2 Be6 24. Ng5 Nc7 25. Nxe6 Qxe6 26. Qxe6+ Nxe6 27. Bd5 Rfe8 28. Ra6 Kf7 29. f4 1-0